Normal view
MARC view
- العريمي،ايمن؛ تدقيق لغوي صقر،سامي
Entry Personal Name
001 - CONTROL NUMBER
- control field: 39777
003 - CONTROL NUMBER IDENTIFIER
- control field: JO-AjAnu
005 - DATE AND TIME OF LATEST TRANSACTION
- control field: 20230606080619.0
008 - FIXED-LENGTH DATA ELEMENTS
- fixed length control field: 230606|| aca||aabn | a|a d
040 ## - CATALOGING SOURCE
- Original cataloging agency: JO-AjAnu
- Transcribing agency: JO-AjAnu
100 ## - HEADING--PERSONAL NAME
- Personal name: العريمي،ايمن؛ تدقيق لغوي صقر،سامي
670 ## - SOURCE DATA FOUND
- Source citation: Work cat.: (JO-AjAnu)20396: العريمي،ايمن؛ تدقيق لغوي صقر،سامي, author, اكتشف وبرمج عقلك الباطن